| 000 | 00728nam a22002417a 4500 | ||
|---|---|---|---|
| 999 |
_c6199 _d6199 |
||
| 003 | AR-CdUCM | ||
| 008 | 190313b ||||| |||| 00| 0 spa d | ||
| 040 |
_aMUNICIPALIDAD PROVINCIAL DEL CUSCO _cBIBLIOTECA MUNICIPAL DEL CUSCO |
||
| 082 |
_a868.6 / _bU54 |
||
| 100 |
_aUnamuno, Miguel de _9458 |
||
| 245 | _aLa tía Tula / | ||
| 260 |
_aNavarra : _bSalvat Editores,Alianza Editorial, _c1972. |
||
| 300 |
_a185 paginas ; _c18 cm. |
||
| 500 | _aDonación familia Nieto | ||
| 505 | _aContenido :Novela / | ||
| 650 |
_aLiteratura española _9362 |
||
| 650 |
_aNovela filosófica _917887 |
||
| 650 |
_aNovela _95 |
||
| 650 |
_aSiglo XX _98 |
||
| 700 |
_aJulian Marias (prologo) _917888 |
||
| 942 |
_2ddc _cLIBROS |
||
| 945 | _arjall | ||